<?xml version="1.0" encoding="UTF-8"?>
<collection xmlns="http://www.loc.gov/MARC21/slim">
  <record>
    <leader>00000nam  2200000   4500</leader>
    <controlfield tag="001">INLIS000000000003066</controlfield>
    <controlfield tag="005">20190410105547</controlfield>
    <datafield tag="035" ind1="#" ind2="#">
      <subfield code="a">0010-0718003066</subfield>
    </datafield>
    <controlfield tag="008">190410################g##########0#ind##</controlfield>
    <datafield tag="020" ind1="#" ind2="#">
      <subfield code="a">9794180513</subfield>
    </datafield>
    <datafield tag="041" ind1=" " ind2=" ">
      <subfield code="a">id</subfield>
    </datafield>
    <datafield tag="082" ind1="#" ind2="#">
      <subfield code="a">150</subfield>
    </datafield>
    <datafield tag="090" ind1=" " ind2=" ">
      <subfield code="a">150 Sar p</subfield>
    </datafield>
    <datafield tag="100" ind1=" " ind2="#">
      <subfield code="a">Sarwono, Sarlito Wirawan</subfield>
    </datafield>
    <datafield tag="245" ind1="1" ind2="#">
      <subfield code="a">Pengantar Umum Psikologi /</subfield>
      <subfield code="c">Sarlito Wirawan Sarwono</subfield>
    </datafield>
    <datafield tag="250" ind1="#" ind2="#">
      <subfield code="a">Cet.8</subfield>
    </datafield>
    <datafield tag="260" ind1="#" ind2="#">
      <subfield code="a">Jakarta :</subfield>
      <subfield code="b">Bulan Bintang,</subfield>
      <subfield code="c">2000</subfield>
    </datafield>
    <datafield tag="300" ind1="#" ind2="#">
      <subfield code="a">x, 126 hlm. :</subfield>
      <subfield code="b">ilus ;</subfield>
      <subfield code="c">21 cm</subfield>
    </datafield>
    <datafield tag="650" ind1=" " ind2="#">
      <subfield code="a">Psikologi</subfield>
    </datafield>
    <datafield tag="856" ind1="#" ind2="#">
      <subfield code="a">Perpustakaan Lembaga Administrasi Negara</subfield>
    </datafield>
    <datafield tag="520" ind1="#" ind2="#">
      <subfield code="a">Berdasarkan pengalaman penulis, hasrat untuk mempelajari psikologi kian hari kian meningkat, bukan lagi hanya terdapat dikalangan mahasiswa-mahasiswa sikologi, tetapi juga di masyarakat umu, abik dikalangan mereka yag berkecimpung didunia ilmu pengetahuan (sarjana, mahasiswa) maupun dikalangan praktisi yang membutuhkan pengetahuan tentang psikologi ini untuk diamalkan. Untuk peminat-peminat psikologi dari golongan yang terakhir inilah buku ini disusun, dengan harapan bahwa buat mereka sekarang ada pegangan atau pedoman yang mudah dimengerti, karena selama ini buku-buku tentang psikologi yang sifatnya umum dan merupakan pengantar yang ditulis dalam bahasa Indonesia masih sangat sedikit. Karena buku ini dimaksud sebagai pengantar dan sekedar pedoman bagi mereka yang ingin mengetahui tentang psikologi tetapi tidak akan mendalami psikologi, maka buku ini dibuat singkat, tidak terlalu teoritis dan sebanyak-banyaknya dusahakan membuat contoh-contoh kongkrit. Mereka yang ingin mempelajari lebih mendalam hal-hal yang diuraikan dalam buku ini dipersilakan mempelajarinya dalam buku-buku referensi yang diterakan dibelakang tiap-tiap bab.</subfield>
    </datafield>
    <datafield tag="990" ind1="#" ind2="#">
      <subfield code="a">070410680</subfield>
    </datafield>
    <datafield tag="990" ind1="#" ind2="#">
      <subfield code="a">070410680</subfield>
    </datafield>
  </record>
</collection>
